Ulat-palot (Record no. 4085)

MARC details
000 -LEADER
fixed length control field 00471cam a2200193ua 4500
001 - CONTROL NUMBER
control field 4268
005 - DATE AND TIME OF LATEST TRANSACTION
control field 20260515113817.0
008 - FIXED-LENGTH DATA ELEMENTS--GENERAL INFORMATION
fixed length control field 111222n ii |||gr||||Z||||||asm
040 ## - CATALOGING SOURCE
Transcribing agency MAIN
082 ## - DEWEY DECIMAL CLASSIFICATION NUMBER
Classification number 891.4513
100 1# - MAIN ENTRY--PERSONAL NAME
Personal name Baruah, Atul Chandra,
245 11 - TITLE STATEMENT
Title Ulat-palot
Statement of responsibility, etc. by Atul Chandra Baruah
250 ## - EDITION STATEMENT
Edition statement 2nd.
260 ## - PUBLICATION, DISTRIBUTION, ETC.
Place of publication, distribution, etc. Guwahati:
Name of publisher, distributor, etc. Hiran prabha Baruah,957.
300 ## - PHYSICAL DESCRIPTION
Extent 42p:
Dimensions 23cm.
653 ## - INDEX TERM--UNCONTROLLED
Uncontrolled term Assamese short stories
653 ## - INDEX TERM--UNCONTROLLED
Uncontrolled term Ulat-palot
942 ## - ADDED ENTRY ELEMENTS (KOHA)
Koha item type Books
Holdings
Withdrawn status Lost status Damaged status Not for loan Home library Current library Shelving location Date acquired Total checkouts Full call number Barcode Date last seen Copy number Price effective from Koha item type
        Naharkatiya College Library Naharkatiya College Library General stacks 09/19/2020   891.4513 | BAR 8439 09/19/2020 1 09/19/2020 Books